Southville International School and Colleges
Your cart is empty.
  • Cart
  • Lists
    Public lists list_1 View all
    Your lists Log in to create your own lists
  • Log in to your account
  • Your cookies
  • Search history
Southville International School and Colleges
  • Advanced search
  • Recent comments
  • Most popular
  • Libraries

Log in to your account

Log in with GOOGLE


If you do not have an external account, but do have a local account, you can still log in:

  1. Home
  2. MARC view: Laidlaw: spelling, 5. /
Normal view MARC view ISBD view

Laidlaw: spelling, 5. / (Record no. 113155)

[ view plain ]
MARC details
000 -LEADER
fixed length control field 00557nam a2200193 a 4500
001 - CONTROL NUMBER
control field 2303
005 - DATE AND TIME OF LATEST TRANSACTION
control field 20140414132005.0
008 - FIXED-LENGTH DATA ELEMENTS--GENERAL INFORMATION
fixed length control field 010328s19uu xx 00 eng d
020 ## - INTERNATIONAL STANDARD BOOK NUMBER
International Standard Book Number 0-8445-0525-0
050 ## - LIBRARY OF CONGRESS CALL NUMBER
Classification number TR 421.07
Item number R72 1987
100 ## - MAIN ENTRY--PERSONAL NAME
Personal name Roser, Nancy L.
245 ## - TITLE STATEMENT
Title Laidlaw: spelling, 5. /
Statement of responsibility, etc Nancy L. Roser.
250 ## - EDITION STATEMENT
Edition statement Teacher's Edition
260 ## - PUBLICATION, DISTRIBUTION, ETC. (IMPRINT)
Place of publication, distribution, etc River Forest, Illinois :
Name of publisher, distributor, etc Laidlaw Brothers,
Date of publication, distribution, etc 1987.
300 ## - PHYSICAL DESCRIPTION
Extent T24 p. : viii p. ; 213 cm.
440 ## - SERIES STATEMENT/ADDED ENTRY--TITLE
Title Laidlaw
650 ## - SUBJECT ADDED ENTRY--TOPICAL TERM
Topical term or geographic name as entry element English language - study and teaching.
Holdings
Withdrawn status Lost status Damaged status Home library Current library Shelving location Date acquired Source of acquisition Total Checkouts Full call number Barcode Date last seen Price effective from Koha item type
      Munich Library Munich Library Teachers Reference Section 05/30/2005     TR 421.07 R72 1987 M4656 04/14/2014 04/14/2014 Books

Laidlaw: spelling, 5. /

APA

Roser N. L., . (1987). Laidlaw: spelling, 5. River Forest, Illinois: Laidlaw Brothers.

Chicago

Roser Nancy L, . 1987. Laidlaw: spelling, 5. River Forest, Illinois: Laidlaw Brothers.

Harvard

Roser N. L., . (1987). Laidlaw: spelling, 5. River Forest, Illinois: Laidlaw Brothers.

MLA

Roser Nancy L, . Laidlaw: spelling, 5. River Forest, Illinois: Laidlaw Brothers. 1987.

  • Place hold
  • Print
  • Cite
  • Add to your cart (remove)
  • Save record
    BIBTEX Dublin Core MARCXML MARC (non-Unicode/MARC-8) MARC (Unicode/UTF-8) MARC (Unicode/UTF-8, Standard) MODS (XML) RIS
  • More searches
    Search for this title in:
    Other Libraries (WorldCat) Other Databases (Google Scholar) Online Stores (Bookfinder.com) Open Library (openlibrary.org)

Exporting to Dublin Core...

SOUTHVILLE LIBRARY

Southville International School and Colleges Library

1281 Tropical Ave. Cor. Luxembourg St., BF Homes International, Las Pinas City

Tel. No. 8256374 / 252358 Loc. 117/146

Powered by Koha